000 00547nam a2200169Ia 4500
005 20250326140903.0
008 250326s9999 xx 000 0 und d
037 _aTextbook
040 _aFMSL
_beng
_cFMSL
041 _aeng
_2eng
084 _aX8(J2:4).44t N8
_qFMSL
100 _aGovt. OF India
245 0 _aFertilizer pricing policy: Report of the high poered review committee
_cGovt. OF India
260 _aNew Delhi
_bNew Delhi, Sewa bhawan, R.K. Puram
_c1998
942 _cTB
_hX8(J2:4).44t N8
999 _c1287738
_d1287738